[Event "Voronezh Region-ch"]
[Site "Voronezh"]
[Date "2009.10.18"]
[Round "8"]
[White "Fillipov, Vladimir"]
[Black "Ponomariov, Timur"]
[Result "0-1"]
[WhiteElo "1967"]
[BlackElo "2312"]
[PlyCount "50"]
[EventDate "2009.10.10"]
[EventType "swiss"]
[EventRounds "9"]
[EventCountry "RUS"]
[SourceTitle "EXT 2010"]
[Source "ChessBase"]
[SourceDate "2010.11.25"]
[SourceVersion "1"]
[SourceVersionDate "2010.11.25"]
[SourceQuality "1"]

1. b4 a6 2. Bb2 Nc6 3. a3 e5 4. e3 d5 5. c4 d4 6. Nf3 dxe3 7. Qe2 exf2+ 8. Kxf2 Nf6 9. Nxe5 Nxe5 10. Qxe5+ Be7 11. Be2 0-0 12. Qd4 Bd7 13. Nc3 c5 14. bxc5 Rc8 15. Ne4 Nxe4+ 16. Qxe4 Bxc5+ 17. d4 Qf6+ 18. Bf3 Bc6 19. Qg4 h5 20. Qxh5 Bxd4+ 21. Bxd4 Qxd4+ 22. Kg3 Bxf3 23. gxf3 Rxc4 24. Rhd1 Qf4+ 25. Kh3 Rc6 0-1

[Event "Voronezh Region-ch"]
[Site "Voronezh"]
[Date "2009.10.14"]
[Round "4"]
[White "Fillipov, Vladimir"]
[Black "Sergienko, Sergey"]
[Result "0-1"]
[WhiteElo "1967"]
[BlackElo "2417"]
[PlyCount "116"]
[EventDate "2009.10.10"]
[EventType "swiss"]
[EventRounds "9"]
[EventCountry "RUS"]
[SourceTitle "EXT 2010"]
[Source "ChessBase"]
[SourceDate "2010.11.25"]
[SourceVersion "1"]
[SourceVersionDate "2010.11.25"]
[SourceQuality "1"]

1. d4 Nf6 2. Nf3 e6 3. e3 b6 4. Bd3 Bb7 5. 0-0 c5 6. b3 Be7 7. Bb2 cxd4 8. exd4 d6 9. Nbd2 Nbd7 10. Re1 a6 11. Qe2 Nd5 12. Qd1 Nf4 13. Bf1 Nf6 14. g3 Ng6 15. Bg2 0-0 16. Nh4 Bxg2 17. Nxg2 d5 18. c4 Bb4 19. a3 Bxd2 20. Qxd2 dxc4 21. bxc4 b5 22. cxb5 axb5 23. Qb4 Qd7 24. Ne3 Ne7 25. Rac1 Ned5 26. Nxd5 Nxd5 27. Qb3 Rfb8 28. Bc3 h6 29. Red1 Qb7 30. Bb4 Nf6 31. Bc5 Ra6 32. Qd3 Qd5 33. Rb1 Ra5 34. Qe2 Nd7 35. Bb4 Ra6 36. Rbc1 Rc6 37. Rxc6 Qxc6 38. Qh5 Nf6 39. Qc5 Qf3 40. Qc2 Qh5 41. Kg2 Qd5+ 42. f3 Qd7 43. Qd2 Rc8 44. Bc5 Qd5 45. Qd3 Nd7 46. Bb4 Rc4 47. h4 Nf6 48. Rd2 Qc6 49. Bc5 Nd5 50. Qe4 Qa6 51. Kh3 Qa4 52. f4 Qb3 53. f5 Rc3 54. Rg2 Qd1 55. Rf2 Re3 56. Qg2 Re1 57. Kh2 Ne3 58. Qa8+ Kh7 0-1